000 00459pab a2200157 454500
008 180718b1999 xxu||||| |||| 00| 0 eng d
100 _aSrivastava, Ravi S.
245 _aRural labour in Uttar Pradesh: emerging features of subsistence, contradiction and resistance
260 _c1999
300 _ap.263-315
362 _aJan-Apr
650 _aLabour - India - Uttar Pradesh
650 _aLabour
773 _aJournal of Peasant Studies
909 _a41331
999 _c41331
_d41331